<?xml version="1.0" encoding="UTF-8"?>
<record
    xmlns:xsi="http://www.w3.org/2001/XMLSchema-instance"
    xsi:schemaLocation="http://www.loc.gov/MARC21/slim http://www.loc.gov/standards/marcxml/schema/MARC21slim.xsd"
    xmlns="http://www.loc.gov/MARC21/slim">

  <leader>01305nam a2200229 i 4500</leader>
  <controlfield tag="001">189613</controlfield>
  <controlfield tag="003">SpMaBN</controlfield>
  <controlfield tag="005">20250902185530.0</controlfield>
  <controlfield tag="008">190625s1876    sp           |||| | spa d</controlfield>
  <datafield tag="080" ind1=" " ind2=" ">
    <subfield code="a">528.94:550.8(460)(060.55)</subfield>
  </datafield>
  <datafield tag="110" ind1="2" ind2=" ">
    <subfield code="a">Comisi&#xF3;n del Mapa Geol&#xF3;gico de Espa&#xF1;a.</subfield>
    <subfield code="9">3030</subfield>
  </datafield>
  <datafield tag="245" ind1="1" ind2="0">
    <subfield code="a">Memoria que presenta al Illmo. Sr. Director General de Agricultura, Industria y Comercio, el director de la Comisi&#xF3;n Ejecutiva del Mapa Geol&#xF3;gico de Espa&#xF1;a, dando cuenta del estado de los trabajos y material de la Comisi&#xF3;n en 1&#xBA; de julio de 1874 / </subfield>
    <subfield code="c">[Manuel Fern&#xE1;ndez de Castro].</subfield>
  </datafield>
  <datafield tag="260" ind1=" " ind2=" ">
    <subfield code="a">Madrid : </subfield>
    <subfield code="b">Imp. y Fundici&#xF3;n de Manuel Tello, </subfield>
    <subfield code="c">1876.</subfield>
  </datafield>
  <datafield tag="300" ind1=" " ind2=" ">
    <subfield code="a">183 p. ; </subfield>
    <subfield code="c">26 cm.</subfield>
  </datafield>
  <datafield tag="530" ind1=" " ind2=" ">
    <subfield code="a">Disponible en formato digital.</subfield>
  </datafield>
  <datafield tag="594" ind1=" " ind2=" ">
    <subfield code="a">Nombre del director de la Comisi&#xF3;n, Manuel Fern&#xE1;ndez de Castro, en p. 174 y p. 181.</subfield>
  </datafield>
  <datafield tag="610" ind1="2" ind2="7">
    <subfield code="a">Comisi&#xF3;n del Mapa Geol&#xF3;gico de Espa&#xF1;a-</subfield>
    <subfield code="v">Memorias.</subfield>
    <subfield code="9">155974</subfield>
  </datafield>
  <datafield tag="700" ind1="1" ind2=" ">
    <subfield code="a">Fern&#xE1;ndez de Castro, Manuel, </subfield>
    <subfield code="d">1825-1895</subfield>
    <subfield code="9">49645</subfield>
  </datafield>
  <datafield tag="852" ind1="4" ind2=" ">
    <subfield code="a">ES-MaACL</subfield>
    <subfield code="j">L-32450(10)    </subfield>
    <subfield code="z">- Enc. cart. </subfield>
    <subfield code="z">- Enc. en un vol. facticio, con  t&#xED;t. en el lomo de: Espa&#xF1;a, geolog&#xED;a: memorias varias, 3 </subfield>
    <subfield code="z">- Legado Federico de Botella y de Hornos</subfield>
  </datafield>
  <datafield tag="856" ind1="4" ind2=" ">
    <subfield code="u">http://bdh-rd.bne.es/viewer.vm?id=0000115264&amp;page=1 </subfield>
    <subfield code="z">Biblioteca Digital Hisp&#xE1;nica</subfield>
  </datafield>
  <datafield tag="999" ind1=" " ind2=" ">
    <subfield code="c">189613</subfield>
    <subfield code="d">189613</subfield>
  </datafield>
  <datafield tag="952" ind1=" " ind2=" ">
    <subfield code="0">0</subfield>
    <subfield code="1">0</subfield>
    <subfield code="4">0</subfield>
    <subfield code="7">0</subfield>
    <subfield code="8">Colecci&#xF3;n_digital</subfield>
    <subfield code="a">ATENEOM</subfield>
    <subfield code="b">ATENEOM</subfield>
    <subfield code="c">DEPO2</subfield>
    <subfield code="d">2019-06-25</subfield>
    <subfield code="e">DON</subfield>
    <subfield code="l">0</subfield>
    <subfield code="o">L-32450(10)</subfield>
    <subfield code="p">1200944</subfield>
    <subfield code="r">2023-02-23 00:00:00</subfield>
    <subfield code="w">2023-02-23</subfield>
    <subfield code="y">MONANT</subfield>
  </datafield>
</record>
